000 00368 a2200109 4500
001 ART_39183
005 20260410161752.0
008 260409a
245 1 0 _aEl tratamiento fiscal de la cuenta del socio en el impuesto sobre los bienes personales
100 1 _aGarcía, Fernando D.
773 0 _tDoctrina tributaria
_g- Nº 401 (ago. 2013)
_wREV4296
999 _c19795
_d19795